[Event "It (open)"]
[Site "masterchessopen.com Muenster (Germany)"]
[Round "2"]
[White "Dautov Rustem (GER)"]
[Black "Janda Zdenek (CZE)"]
[Result "1-0"]
[WhiteElo "2603"]
[BlackElo "2115"]

1.d4 Nf6 2.c4 d6 3.Nc3 Nbd7 4.Nf3 g6 5.g3 Bg7 6.Bg2 O-O 7.O-O e5 8.e4 Re8 9.h3
exd4 10.Nxd4 Nc5 11.Re1 a5 12.Ndb5 Nfd7 13.Be3 Na6 14.Qc2 Ndc5 15.Rad1 Bd7
16.Qd2 Be6 17.Bf1 Qd7 18.Bd4 Bxh3 19.Bxg7 Kxg7 20.Qd4+ f6 21.Nd5 Re5 22.Nxf6
Kxf6 23.f4 Re8 24.fxe5+ Rxe5 25.Nc3 Qg4 26.Qf2+ Kg7 27.Bxh3 Qxh3 28.Rf1 Ne6
29.Rd5 Kh6 30.Qf3 Ng5 31.Qf8+ Kh5 32.Ne2 Qd7 33.Nf4+ Kg4 34.Qh6 Nf3+ 35.Kg2
Qe7 36.Rxf3 Rxe4 37.Qh3# 1-0

[Event "Olympiad"]
[Site "masterchessopen.com Novi Sad (Yugoslavia)"]
[Round "0"]
[White "Alaan Vince (PHI)"]
[Black "Santos Edson (ANG)"]
[Result "1-0"]
[WhiteElo "2367"]
[BlackElo "2185"]

1.d4 d6 2.Nf3 Nf6 3.g3 g6 4.Bg2 Bg7 5.O-O O-O 6.c4 Nbd7 7.Nc3 e5 8.e4 c6 9.Re1
exd4 10.Nxd4 Nc5 11.h3 Re8 12.Bf4 Ne6 13.Be3 Nxd4 14.Bxd4 Be6 15.Qd3 Qd7 16.g4
Rad8 17.f4 d5 18.cxd5 cxd5 19.exd5 Qd6 20.Nb5 Qxf4 21.dxe6 fxe6 22.Qe3 Rxd4
23.Nxd4 Qxe3+ 24.Rxe3 Nd5 25.Re4 Nb4 26.Nxe6 Nc2 27.Rc1 Nd4 28.Nxd4 {#r} 1-0

[Event "Olympiad"]
[Site "masterchessopen.com Novi Sad (Yugoslavia)"]
[Round "0"]
[White "Orr Mark J L (IRL)"]
[Black "Cramling Pia (SWE)"]
[Result "1-0"]
[WhiteElo "2260"]
[BlackElo "2505"]

1.d4 Nf6 2.c4 g6 3.Nf3 Bg7 4.g3 O-O 5.Bg2 d6 6.O-O Nbd7 7.Nc3 e5 8.e4 c6 9.b3
Re8 10.h3 a6 11.d5 cxd5 12.cxd5 b5 13.Ne1 Nb6 14.Nd3 Bd7 15.Be3 a5 16.Qd2 Qb8
17.Rfc1 b4 18.Nd1 Bb5 19.a3 bxa3 20.Rxa3 Nbd7 21.Nc3 Bxd3 22.Qxd3 Rc8 23.Rca1
Nc5 24.Qb5 Nfd7 25.b4 Qxb5 26.Nxb5 Rcb8 27.bxc5 Rxb5 28.c6 Nb6 29.Bf1 Rb2
30.Rxa5 Rf8 31.Bxb6 Rxb6 32.Ra8 Rbb8 33.Rxb8 Rxb8 34.c7 {#r} 1-0

[Event "It \"]
[Site "masterchessopen.com Prague (Czech Republic)"]
[Round "5"]
[White "Freisler Pavel (CZE)"]
[Black "Dolezal Martin (CZE)"]
[Result "1-0"]
[WhiteElo "2270"]
[BlackElo "2260"]

1.Nf3 Nf6 2.c4 g6 3.Nc3 Bg7 4.g3 O-O 5.Bg2 d6 6.d4 Nbd7 7.O-O e5 8.e4 c6 9.b3
exd4 10.Nxd4 Re8 11.h3 Nc5 12.Re1 d5 13.cxd5 cxd5 14.exd5 Rxe1+ 15.Qxe1 Nxd5
16.Nxd5 Bxd4 17.Be3 Bxa1 18.Qxa1 Ne6 19.Bh6 f5 20.Qe5 Kf7 21.a4 Bd7 22.Bf1 Bc6
23.Bc4 Qh8 24.Qd6 Re8 25.Kh2 Qa1 26.h4 a6 27.Bd2 Qd4 28.Be3 Qe4 29.a5 h6
30.Bxh6 Qf3 31.Be3 g5 32.Qe5 gxh4 33.Qf6+ Kg8 34.Qg6+ Kh8 35.Bd4+ Nxd4 36.Qh6+
{#r} 1-0

[Event "Ch Spain (team)"]
[Site "masterchessopen.com Spain"]
[Round "0"]
[White "Gomez Magdiel (CUB)"]
[Black "Elguezabal Varela Daniel (ARG)"]
[Result "1-0"]
[WhiteElo "2137"]
[BlackElo "2352"]

1.c4 Nf6 2.Nc3 e5 3.Nf3 d6 4.d4 Nbd7 5.e4 g6 6.g3 Bg7 7.Bg2 O-O 8.O-O c6 9.Rb1
exd4 10.Nxd4 a5 11.h3 Nc5 12.Re1 Re8 13.b3 Qc7 14.Bf4 Nfd7 15.Re2 Be5 16.Be3
Bg7 17.Qc2 Nf8 18.Rd1 Bd7 19.Red2 Rad8 20.Bg5 f6 21.Bf4 g5 22.Be3 Ng6 23.Nf5
Bxf5 24.exf5 Ne5 25.Ne2 Nf7 26.Nd4 Qc8 27.a3 a4 28.b4 Nb3 29.Nxb3 axb3 30.Qd3
h5 31.Bb6 Rd7 32.Qxb3 Rde7 33.Qc2 Re1+ 34.Kh2 Rxd1 35.Rxd1 Qd7 36.Be3 h4 37.g4
Qe7 38.b5 Qe5+ 39.Kg1 cxb5 40.Bb6 Bf8 41.Bd5 Rc8 42.Qb3 {#r} 1-0

[Event "It"]
[Site "masterchessopen.com Wildbad (Germany)"]
[Round "0"]
[White "Stangl Markus (GER)"]
[Black "Apicella Manuel (FRA)"]
[Result "0-1"]
[WhiteElo "2405"]
[BlackElo "2390"]

1.Nf3 Nf6 2.c4 g6 3.g3 Bg7 4.Bg2 O-O 5.d4 d6 6.O-O Nbd7 7.Nc3 e5 8.e4 c6 9.Rb1
exd4 10.Nxd4 Re8 11.h3 Nc5 12.Re1 a5 13.Bf4 Nh5 14.Be3 a4 15.Qc2 Qa5 16.b4
axb3 17.axb3 Qb4 18.Na2 Qa3 19.Re2 f5 20.Nc3 Nxe4 21.Na4 Nexg3 22.fxg3 Nxg3
23.Bf2 Nxe2+ 24.Nxe2 f4 25.Rf1 Rxa4 {#R} 0-1

[Event "Cup Yugoslavia (qual)"]
[Site "masterchessopen.com Arandjelovac (Yugoslavia)"]
[Round "4"]
[White "Kapetanovic Armin (BIH)"]
[Black "Strikovic Aleksa (SRB)"]
[Result "1-0"]
[WhiteElo "2449"]
[BlackElo "2557"]

1.d4 d6 2.Nf3 g6 3.c4 Bg7 4.Nc3 Nd7 5.g3 e5 6.Bg2 Ngf6 7.O-O O-O 8.e4 c6 9.Re1
a5 10.Rb1 Re8 11.d5 Nc5 12.a4 Qc7 13.b3 Nfd7 14.Ba3 Bf8 15.Bh3 Na6 16.Re2 Ndc5
17.Bxc8 Raxc8 18.Ne1 Nb4 19.Bxb4 axb4 20.Na2 Na6 21.Qd2 c5 22.Ng2 Qd7 23.Nc1
Qh3 24.Nd3 Bh6 25.f4 Nb8 26.Rf1 Nd7 27.Nf2 {#r} 1-0

[Event "Ch Yugoslavia"]
[Site "masterchessopen.com Banja Vrucica (Bosnia & Herzegovina)"]
[Round "0"]
[White "Ilincic Zlatko (SRB)"]
[Black "Markovic Miroslav (SRB)"]
[Result "1-0"]
[WhiteElo "2467"]
[BlackElo "2460"]

1.d4 Nf6 2.c4 g6 3.Nf3 Bg7 4.g3 O-O 5.Bg2 d6 6.O-O Nbd7 7.Nc3 e5 8.e4 c6 9.b3
exd4 10.Nxd4 Nc5 11.Bb2 Re8 12.Qc2 a5 13.Rad1 Qc7 14.Rfe1 Bd7 15.Bc1 Rad8
16.Bf4 Bc8 17.Re2 Ng4 18.Bg5 Nf6 19.Red2 h6 20.Bf4 g5 21.Ndb5 Qb6 22.Bxd6 cxb5
23.e5 b4 24.Na4 Nxa4 25.exf6 Bg4 26.bxa4 Bxd1 27.Qxd1 Bxf6 28.c5 Qa6 29.Bf1
Qc6 30.Bb5 Qe4 31.Re2 {#r} 1-0

[Event "It (open)"]
[Site "masterchessopen.com Beijing (China)"]
[Round "0"]
[White "Lin Ta (CHN)"]
[Black "Liang Zhihua (CHN)"]
[Result "0-1"]
[WhiteElo "2372"]
[BlackElo "2205"]

1.d4 Nf6 2.c4 g6 3.g3 Bg7 4.Bg2 d6 5.Nc3 O-O 6.Nf3 Nbd7 7.O-O e5 8.e4 c6 9.b3
exd4 10.Nxd4 Re8 11.h3 Nc5 12.Re1 d5 13.exd5 Rxe1+ 14.Qxe1 cxd5 15.cxd5 Nxd5
16.Bg5 Nf6 17.Rd1 Qf8 18.Ncb5 Bd7 19.b4 Re8 20.Be3 Nce4 21.Nc7 Re7 22.Rc1 Bh6
23.g4 Nxf2 24.Rc3 Nd1 25.Nce6 Bxe6 26.Bxh6 Qxh6 27.Qxd1 Bxa2 28.Nf3 Qf4 29.Qa4
Bd5 30.g5 Bxf3 31.Rxf3 Re1+ 32.Kf2 Qd2+ {#R} 0-1

[Event "It (open)"]
[Site "masterchessopen.com Budapest (Hungary)"]
[Round "0"]
[White "Balogh Bela (HUN)"]
[Black "Lagrotteria Salvatore (ITA)"]
[Result "1-0"]
[WhiteElo "2230"]
[BlackElo "2198"]

1.d4 Nf6 2.Nf3 g6 3.g3 Bg7 4.Bg2 O-O 5.O-O d6 6.c4 Nbd7 7.Nc3 e5 8.e4 c6 9.b3
exd4 10.Nxd4 Nc5 11.Bb2 a5 12.Qc2 Ng4 13.Rad1 f5 14.exf5 gxf5 15.h3 Nf6
16.Nxf5 Bxf5 17.Qxf5 Nfe4 18.Qg4 Qf6 19.Bxe4 h5 20.Qg6 Nxe4 21.Qxe4 Rae8
22.Qd3 h4 23.Na4 Qg5 24.Bxg7 Qxg7 25.Rde1 Rxe1 26.Rxe1 Qf6 27.Qe3 b5 28.cxb5
cxb5 29.Nc3 Kh8 30.Nd5 {#r} 1-0

[Event "It (open) \"]
[Site "masterchessopen.com Cologne (Germany)"]
[Round "5"]
[White "Dautov Rustem (GER)"]
[Black "Hoerstmann Martin (GER)"]
[Result "1-0"]
[WhiteElo "2595"]
[BlackElo "2321"]

1.d4 Nf6 2.Nf3 g6 3.c4 Bg7 4.g3 O-O 5.Bg2 d6 6.Nc3 Nbd7 7.O-O e5 8.e4 c6 9.Qc2
exd4 10.Nxd4 Re8 11.Rd1 Qe7 12.Bf4 Ne5 13.b3 Nfd7 14.h3 Nc5 15.Be3 a5 16.f4
Ned7 17.Bf2 Nf6 18.Re1 Qc7 19.Rad1 Bd7 20.Nf3 b6 21.g4 Re7 22.Bh4 Rae8 23.e5
dxe5 24.fxe5 Rxe5 25.Rxe5 Rxe5 26.Bg3 Nxg4 27.hxg4 Bxg4 28.Qd2 Ne6 29.Bxe5
Bxe5 30.Nxe5 Bxd1 31.Nxc6 Bg4 32.Nd5 Qg3 33.Qf2 Qxf2+ 34.Kxf2 {#r} 1-0

[Event "Ch Czechoslovakia (team) 1990/91"]
[Site "masterchessopen.com Czechoslovakia"]
[Round "13"]
[White "Stohl Igor (SVK)"]
[Black "Ralis Peter (CZE)"]
[Result "1-0"]
[WhiteElo "2555"]
[BlackElo "2237"]

1.d4 Nf6 2.c4 d6 3.Nf3 Nbd7 4.Nc3 g6 5.e4 e5 6.g3 Bg7 7.Bg2 O-O 8.O-O c6 9.b3
exd4 10.Nxd4 Re8 11.h3 Nc5 12.Re1 a5 13.Bf4 Nh5 14.Be3 Nf6 15.Qc2 Qe7 16.Rad1
Nfd7 17.f4 h5 18.Bf2 Qf6 19.Nde2 Qe7 20.Qd2 Bf8 21.Nd4 a4 22.b4 Ne6 23.Nxe6
fxe6 24.a3 Qg7 25.e5 d5 26.cxd5 cxd5 27.Nb5 Nb8 28.Nd6 Bxd6 29.exd6 Rd8 30.Bd4
Qf7 31.f5 Nc6 32.Ba1 Rxd6 33.Qb2 Kf8 34.fxe6 Bxe6 35.Rxe6 Qxe6 36.Rf1+ Ke8
37.Qh8+ {#r} 1-0

[Event "Ch Denmark (team) 1990/91"]
[Site "masterchessopen.com Denmark"]
[Round "4"]
[White "Josephsen Niels (DEN)"]
[Black "Ziska Bogi (FAI)"]
[Result "0-1"]
[WhiteElo "2254"]
[BlackElo "2202"]

1.d4 Nf6 2.c4 g6 3.Nc3 Bg7 4.Nf3 O-O 5.g3 d6 6.Bg2 Nbd7 7.O-O e5 8.e4 c6 9.Re1
exd4 10.Nxd4 Ng4 11.Nb3 Nge5 12.Qe2 Nb6 13.c5 dxc5 14.Nxc5 Qe7 15.Nd3 Bg4
16.f3 Nxd3 17.Qxd3 Be6 18.Qc2 Nc4 19.Kh1 Qc5 20.b3 Qb4 21.bxc4 Qxc3 {#R} 0-1

[Event "Regionalliga North North"]
[Site "masterchessopen.com Germany"]
[Round "0"]
[White "Heuer Thomas (GER)"]
[Black "Eitel Philipp (GER)"]
[Result "1-0"]
[WhiteElo "2129"]
[BlackElo "2165"]

1.Nf3 Nf6 2.g3 d6 3.d4 g6 4.Bg2 Bg7 5.O-O O-O 6.c4 Nbd7 7.Nc3 e5 8.e4 c6 9.Re1
Qc7 10.h3 Re8 11.Be3 Bf8 12.Nh2 Nh5 13.Ng4 exd4 14.Qxd4 Bg7 15.Nh6+ Kf8 16.Qd1
Ne5 17.c5 Nc4 18.cxd6 Nxe3 19.Rxe3 Qb6 20.Ng4 Be6 21.Qe2 Bd4 22.Rf3 Bxg4
23.hxg4 Ng7 24.Qc4 Ne6 25.Ne2 Be5 26.Rb3 Qd8 27.Rd1 Qd7 28.Kf1 g5 29.Qb4 b5
30.Qd2 Red8 31.f4 Bg7 32.e5 Rac8 33.Be4 Kg8 34.Qd3 Nf8 35.Bf5 Ne6 36.Bxh7+ Kf8
37.Bf5 {#r} 1-0

[Event "It (cat.10)"]
[Site "masterchessopen.com Kerteminde (Denmark)"]
[Round "1"]
[White "Hansen Curt (DEN)"]
[Black "Mortensen Erling (DEN)"]
[Result "1-0"]
[WhiteElo "2600"]
[BlackElo "2450"]

1.d4 Nf6 2.c4 g6 3.Nf3 Bg7 4.g3 O-O 5.Bg2 d6 6.O-O Nbd7 7.Nc3 e5 8.e4 c6 9.b3
a5 10.Re1 exd4 11.Nxd4 Nc5 12.h3 Nfd7 13.Be3 Ne5 14.Qc2 f5 15.exf5 Bxf5
16.Nxf5 gxf5 17.Rad1 Qf6 18.Ne2 a4 19.b4 Ne4 20.f4 Nf7 21.Bd4 Qg6 22.g4 Nf6
23.Bxf6 Qxf6 24.g5 Qb2 25.Qxb2 Bxb2 26.Ng3 Nh8 27.b5 Ng6 28.bxc6 bxc6 29.Bxc6
Ra7 30.Nh5 Ba3 31.Re6 Bc5+ 32.Kg2 a3 33.Rde1 Rc7 34.Bd5 Kh8 35.Kg3 Rcc8 36.h4
Rcd8 37.Nf6 Bb4 38.R1e2 Rf7 39.h5 Nf8 40.Re8 Rxe8 41.Rxe8 {#r} 1-0

[Event "Ch Yugoslavia"]
[Site "masterchessopen.com Kladovo (Yugoslavia)"]
[Round "0"]
[White "Drasko Milan (MNE)"]
[Black "Sofrevski Jovan (MKD)"]
[Result "1-0"]
[WhiteElo "2478"]
[BlackElo "2375"]

1.d4 d6 2.Nf3 g6 3.g3 Bg7 4.Bg2 Nf6 5.c4 O-O 6.O-O Nbd7 7.Nc3 e5 8.e4 c6 9.b3
exd4 10.Nxd4 Re8 11.h3 Nc5 12.Re1 a5 13.Rb1 Qb6 14.Be3 Nfxe4 15.Nxe4 Nxe4
16.Ne6 c5 17.Nxg7 Kxg7 18.Qc1 d5 19.cxd5 f5 20.Bxc5 Qd8 21.Bd4+ {#r} 1-0

[Event "It (open)"]
[Site "masterchessopen.com Randers (Denmark)"]
[Round "1"]
[White "Knudsen Per (DEN)"]
[Black "Kjeldsen Jens (DEN)"]
[Result "1-0"]
[WhiteElo "2326"]
[BlackElo "2295"]

1.Nf3 d6 2.d4 g6 3.c4 Bg7 4.Nc3 Nf6 5.g3 O-O 6.Bg2 Nbd7 7.O-O e5 8.e4 c6 9.Rb1
Re8 10.Re1 exd4 11.Nxd4 Ng4 12.Nxc6 bxc6 13.Qxg4 Ne5 14.Qe2 Be6 15.b3 Nxc4
16.bxc4 Bxc3 17.Rd1 Qa5 18.Be3 Qa4 19.Rbc1 Bg7 20.Rxd6 Rab8 21.Rd2 Rb4 22.Rdc2
h5 23.h4 Reb8 24.Bf4 R8b7 25.e5 Bg4 26.Qd2 Bf8 27.Be4 Rd7 28.Qe1 Be6 29.Qe2
Qa6 30.Qf3 Bxc4 31.Bxc6 Rd3 32.Qe4 Bd5 33.Bxd5 Rxe4 34.Bxe4 Rd4 35.Bg2 Ra4
36.Bf1 Qb6 37.Kg2 Qe6 38.Bc4 Qf5 39.Bb3 Rb4 40.Rc7 Rxb3 41.axb3 Qe4+ 42.Kg1
{#r} 1-0

[Event "Ch Spain (juniors) (under 20)"]
[Site "masterchessopen.com Spain"]
[Round "0"]
[White "Cenal Gutierrez Ruben (ESP)"]
[Black "Baron Isanta Jose Maria (ESP)"]
[Result "0-1"]
[WhiteElo "2288"]
[BlackElo "2348"]

1.d4 Nf6 2.Nf3 g6 3.c4 Bg7 4.g3 O-O 5.Bg2 d6 6.O-O Nbd7 7.Nc3 e5 8.e4 c6
9.dxe5 dxe5 10.Qe2 Qc7 11.Rd1 Nc5 12.b4 Ne6 13.Bb2 Re8 14.Nxe5 Qxe5 15.Nd5
Qxb2 16.Qxb2 Nxd5 17.Qb3 Nc3 18.Kf1 Nxd1 19.Rxd1 c5 20.bxc5 Bf8 21.Qb5 Nc7
22.Qa5 Na6 23.Rd8 b6 24.cxb6 Rxd8 25.e5 axb6 26.Qxb6 Rd1+ 27.Ke2 Rb8 28.Qc6
Rdb1 29.Bd5 Bg4+ 30.Ke3 Nb4 31.Bxf7+ Kxf7 32.Qf6+ Kg8 33.e6 Re1+ {#R} 0-1

[Event "Ch Uruguay"]
[Site "masterchessopen.com Uruguay"]
[Round "0"]
[White "Garcia Alvaro (URU)"]
[Black "Barboza Mauro (URU)"]
[Result "0-1"]
[WhiteElo "2031"]
[BlackElo "2051"]

1.d4 Nf6 2.c4 g6 3.Nf3 Bg7 4.g3 O-O 5.Bg2 d6 6.O-O Nbd7 7.Nc3 e5 8.e4 c6 9.Re1
Qb6 10.d5 cxd5 11.cxd5 Nc5 12.Qe2 Bd7 13.Nd2 Rac8 14.Rb1 Nh5 15.b3 f5 16.Nc4
Qa6 17.Be3 b5 18.Nd2 f4 19.Bxc5 Rxc5 20.Na4 Rc2 21.Rec1 Rxd2 22.Qxd2 bxa4
23.Bf1 Qb6 24.bxa4 Qd4 25.Qxd4 exd4 26.Rb7 Bg4 27.Rcc7 fxg3 28.hxg3 Bf3 29.Bd3
Be5 30.Rxa7 Ng7 31.a5 Ne8 32.Rxh7 Ng7 33.Rh6 Rc8 34.Rb7 Rc1+ 35.Bf1 d3 36.a6
d2 37.a7 Rxf1+ {#R} 0-1

[Event "It (open)"]
[Site "masterchessopen.com Bad Woerishofen (Germany)"]
[Round "0"]
[White "Gutman Lev (GER)"]
[Black "Reschke Stefan (GER)"]
[Result "1-0"]
[WhiteElo "2465"]
[BlackElo "2361"]

1.Nf3 Nf6 2.g3 g6 3.Bg2 Bg7 4.O-O O-O 5.d4 d6 6.c4 Nbd7 7.Nc3 e5 8.e4 c6 9.Rb1
a5 10.h3 exd4 11.Nxd4 Nc5 12.Be3 Re8 13.Qc2 Bd7 14.Nb3 b6 15.Rbd1 Qc7 16.Bf4
Nb7 17.Na4 Be6 18.Nd4 Nd7 19.b3 Be5 20.Be3 Ndc5 21.Nc3 Bd7 22.Rd2 Bf6 23.Rfd1
Rad8 24.Kh2 Re5 25.Nce2 Qc8 26.a3 Rde8 27.b4 axb4 28.axb4 Ne6 29.f4 Rh5 30.g4
Nxd4 31.Bxd4 Bxg4 32.Bxf6 Bxh3 33.Ng3 Bxg2+ 34.Kxg2 Qg4 35.Qd3 Rh3 36.Rh1 Rxh1
37.Kxh1 Ra8 38.Kg2 b5 39.Qf3 Qe6 40.e5 dxe5 41.fxe5 {#r} 1-0

[Event "It (open)"]
[Site "masterchessopen.com Balatonbereny (Hungary)"]
[Round "0"]
[White "Lirindzakis Timotheos (GRE)"]
[Black "Almasi Zoltan (HUN)"]
[Result "0-1"]
[WhiteElo "2330"]
[BlackElo "2470"]

1.c4 Nf6 2.Nc3 g6 3.Nf3 Bg7 4.g3 O-O 5.Bg2 d6 6.d4 Nbd7 7.O-O e5 8.e4 c6 9.Re1
exd4 10.Nxd4 Nc5 11.h3 Re8 12.Bf4 Nh5 13.Be3 Qe7 14.Qd2 Bd7 15.Rad1 Rad8
16.Kh2 Bc8 17.b4 Nd7 18.f4 Nb6 19.Qd3 Be6 20.Nxe6 Qxe6 21.Bf1 Nxc4 22.Bc1 b5
23.Re2 h6 24.Bg2 Kh7 25.Rde1 Qf6 26.Rc2 Qd4 27.Qf3 Rc8 28.Rd1 Qb6 29.Bf1 Rcd8
30.Bd3 Nf6 31.Rf1 Nd7 32.Ne2 Nce5 33.fxe5 Nxe5 34.Qg2 Nxd3 35.Bd2 Qb7 36.Nf4
Ne5 {#R} 0-1

[Event "It (open)"]
[Site "masterchessopen.com Cappelle la Grande (France)"]
[Round "0"]
[White "Szekely Peter (HUN)"]
[Black "Treppner Gerd (GER)"]
[Result "1-0"]
[WhiteElo "2435"]
[BlackElo "2311"]

1.Nf3 Nf6 2.c4 d6 3.g3 e5 4.Bg2 g6 5.Nc3 Bg7 6.d4 Nbd7 7.O-O O-O 8.e4 c6 9.Rb1
a6 10.h3 b5 11.c5 dxc5 12.dxe5 Ne8 13.Bg5 f6 14.exf6 Bxf6 15.Bh6 Bg7 16.Bxg7
Nxg7 17.e5 Nb6 18.Ne4 Bf5 19.Nf6+ Rxf6 20.exf6 Bxb1 21.f7+ Kxf7 22.Ne5+ Kg8
23.Qxb1 Qg5 24.Nxc6 Re8 25.Re1 Rf8 26.Qc2 c4 27.b3 Qf6 28.Re2 Kh8 29.Kh2 Nf5
30.Qe4 cxb3 31.axb3 Nd7 32.Qd5 Qf7 33.Qd1 Nf6 34.Ne5 Qg7 35.Qd2 Re8 36.Kg1 Qc7
37.Qb2 Qg7 38.g4 Nd6 39.Qd4 Re6 40.Nxg6+ {#r} 1-0

[Event "It (open) \"]
[Site "masterchessopen.com Cologne (Germany)"]
[Round "2"]
[White "Ellers Holger (GER)"]
[Black "Movsziszian Karen (ARM)"]
[Result "0-1"]
[WhiteElo "2370"]
[BlackElo "2440"]

1.d4 Nf6 2.c4 g6 3.Nf3 Bg7 4.g3 O-O 5.Bg2 d6 6.O-O Nbd7 7.Nc3 e5 8.e4 c6 9.b3
exd4 10.Nxd4 Re8 11.h3 Nc5 12.Re1 a5 13.Bf4 Nh5 14.Be3 a4 15.b4 Ne6 16.Rc1 a3
17.Nde2 Nc7 18.g4 Nf6 19.Qb3 Be6 20.Nd4 h5 21.g5 Nd7 22.f4 f6 23.Nxe6 Nxe6
24.c5 Kh8 25.cxd6 fxg5 26.f5 Nf4 27.Bxf4 gxf4 28.Ne2 Qg5 29.Qf3 Bh6 30.Rf1
gxf5 31.Nxf4 Rxe4 32.Nxh5 Rg8 33.Rc2 Rh4 34.Qxf5 Qxh5 35.Qxd7 Rxh3 36.Qe7 Be3+
{#R} 0-1

[Event "It (open) \"]
[Site "masterchessopen.com Cologne (Germany)"]
[Round "6"]
[White "Goy Udo (GER)"]
[Black "Schoen Wolfram (GER)"]
[Result "0-1"]
[WhiteElo "2193"]
[BlackElo "2403"]

1.d4 Nf6 2.Nf3 g6 3.c4 Bg7 4.g3 O-O 5.Bg2 d6 6.O-O Nbd7 7.Nc3 e5 8.e4 c6 9.d5
cxd5 10.cxd5 Nc5 11.Ne1 a5 12.Nd3 b6 13.Re1 Nfd7 14.Be3 f5 15.exf5 gxf5 16.f4
e4 17.Nf2 Nf6 18.Rc1 Bd7 19.Bf1 Qe8 20.Be2 Rc8 21.Qd2 h5 22.Qd1 b5 23.a3 Ng4
24.Nxg4 hxg4 25.b4 axb4 26.axb4 Nd3 27.Bxd3 Bxc3 28.Bd2 Bd4+ 29.Be3 Bxe3+
30.Rxe3 Rxc1 31.Qxc1 Qc8 32.Bc2 Qc4 33.Qb2 Kf7 34.Ra3 Qe2 35.Ra6 e3 36.Qb1 Rh8
37.Qf1 Qxh2# 0-1

[Event "Ch Europe (team)"]
[Site "masterchessopen.com Debrecen (Hungary)"]
[Round "0"]
[White "Kurajica Bojan (CRO)"]
[Black "Prie Eric (FRA)"]
[Result "1-0"]
[WhiteElo "2590"]
[BlackElo "2460"]

1.d4 Nf6 2.Nf3 d6 3.g3 g6 4.Bg2 Bg7 5.O-O O-O 6.c4 Nbd7 7.Nc3 e5 8.e4 c6 9.b3
Qb6 10.Bb2 exd4 11.Na4 Qa5 12.Nxd4 Re8 13.Re1 Nc5 14.Bc3 Qc7 15.Nxc5 dxc5
16.Nc2 Nh5 17.Bxg7 Nxg7 18.Qd2 f5 19.Rad1 fxe4 20.Rxe4 Bf5 21.Rxe8+ Rxe8
22.Ne3 Bc8 23.Qc3 Ne6 24.Nc2 Rd8 25.Qa1 Nd4 26.Nxd4 Qd6 27.Bd5+ cxd5 28.Nb5
Qb6 29.Qe5 dxc4 30.Rd6 Rxd6 31.Nxd6 Qc7 32.bxc4 Bh3 33.f3 b6 34.g4 h5 35.Qe8+
Kh7 36.Nf7 Kg7 {#r} 1-0

[Event "It (open)"]
[Site "masterchessopen.com Dortmund (Germany)"]
[Round "7"]
[White "Zysk Robert (GER)"]
[Black "Hermesmann Hans (GER)"]
[Result "1-0"]
[WhiteElo "2390"]
[BlackElo "2270"]

1.d4 Nf6 2.c4 g6 3.Nf3 Bg7 4.g3 O-O 5.Bg2 d6 6.O-O Nbd7 7.Nc3 e5 8.e4 c6 9.b3
Re8 10.d5 Nc5 11.Ne1 a5 12.Nd3 Nfd7 13.Be3 Nxd3 14.Qxd3 Nc5 15.Qd2 cxd5
16.Nxd5 a4 17.b4 Ne6 18.Rad1 Nd4 19.Bg5 f6 20.Be3 Bg4 21.Bxd4 exd4 22.Rc1 f5
23.h3 Bh5 24.exf5 gxf5 25.Nf4 Qg5 26.Bxb7 Ra7 27.Bd5+ Kh8 28.Qd3 Bf7 29.Rce1
Be5 30.Ng2 f4 31.gxf4 Bxf4 32.Rxe8+ Bxe8 33.Qe4 {#r} 1-0

[Event "Ch World (juniors) (under 18)"]
[Site "masterchessopen.com Duisburg (Germany)"]
[Round "2"]
[White "Ellers Holger (GER)"]
[Black "Saavedra Daniel (GER)"]
[Result "1-0"]
[WhiteElo "2370"]
[BlackElo "2156"]

1.d4 Nf6 2.c4 g6 3.Nf3 Bg7 4.g3 O-O 5.Bg2 d6 6.Nc3 Nbd7 7.O-O e5 8.e4 c6 9.b3
Qa5 10.Bb2 Re8 11.h3 exd4 12.Nxd4 Nc5 13.Qc2 Be6 14.Rad1 Rad8 15.f4 d5 16.cxd5
cxd5 17.Nxe6 Nxe6 18.exd5 Nc7 19.d6 Rxd6 20.Rxd6 Qc5+ 21.Qf2 Qxd6 22.Bxb7 Nh5
23.Ne4 Qb4 24.Bxg7 Kxg7 25.g4 Qxb7 26.Nd6 Nxf4 27.Nxe8+ Nxe8 28.Qxf4 Qb6+
29.Qf2 Qb7 30.Qd4+ Kg8 31.Re1 Qc6 32.Qxa7 {#r} 1-0

[Event "Cup Germany (team)"]
[Site "masterchessopen.com Germany"]
[Round "0"]
[White "Gutman Lev (GER)"]
[Black "Timpel Klaus (GER)"]
[Result "1-0"]
[WhiteElo "2465"]
[BlackElo "2191"]

1.Nf3 g6 2.g3 Bg7 3.d4 d6 4.Bg2 Nf6 5.O-O O-O 6.c4 Nbd7 7.Nc3 e5 8.e4 c6 9.Rb1
a5 10.h3 Re8 11.Be3 exd4 12.Nxd4 Nc5 13.Qc2 a4 14.b4 axb3 15.axb3 Qe7 16.Rfe1
Bd7 17.f3 Nh5 18.b4 Ne6 19.Nde2 Ra3 20.Rb3 Rxb3 21.Qxb3 Qf6 22.Nd1 Ng5 23.Bd4
Qd8 24.Bxg7 Nxg7 25.h4 N5e6 26.Nf2 Qb6 27.Rd1 Ra8 28.Rxd6 Ra1+ 29.Bf1 Bc8
30.Kg2 Nh5 31.c5 Qb5 32.Nd3 Qa6 33.Qc3 Qa2 34.Qb2 Qa4 35.Ndc1 Ra3 36.Nd4 Qa8
37.Bc4 Nhg7 38.Nce2 Re3 39.Nc2 Rxe2+ 40.Bxe2 {#r} 1-0

[Event "Ch Hamburg"]
[Site "masterchessopen.com Hamburg (Germany)"]
[Round "7"]
[White "Stelting Thorsten (GER)"]
[Black "Trisic Alexandar (GER)"]
[Result "1-0"]
[WhiteElo "2212"]
[BlackElo "2220"]

1.Nf3 Nf6 2.g3 g6 3.Bg2 Bg7 4.O-O O-O 5.d4 d6 6.c4 Nbd7 7.Nc3 e5 8.e4 c6 9.Re1
Qb6 10.d5 c5 11.Rb1 a6 12.a3 Qc7 13.Qd3 Nh5 14.Bd2 h6 15.Nh4 Kh7 16.b4 Bf6
17.Nf3 Bg7 18.Qe2 b6 19.Rb3 Ndf6 20.Reb1 Ra7 21.bxc5 bxc5 22.Be1 Nd7 23.Qc2
Rb7 24.Bh3 Rxb3 25.Qxb3 f5 26.exf5 gxf5 27.Nh4 Ndf6 28.Bxf5+ Bxf5 29.Nxf5 Qd7
30.Ne3 e4 31.Qc2 Re8 32.Rb6 Kh8 33.Qa4 Qh3 34.Rxa6 Rg8 35.Ra8 Bf8 36.Ne2 Ng4
37.Bc3+ Kh7 38.Qd7+ Rg7 39.Qf5+ Rg6 40.Nxg4 {#r} 1-0

[Event "Ch NRW"]
[Site "masterchessopen.com Mittelrhein (Germany)"]
[Round "0"]
[White "Budde Vladimir (GER)"]
[Black "Begnis Nikolaos (GRE)"]
[Result "1-0"]
[WhiteElo "2291"]
[BlackElo "2300"]

1.d4 Nf6 2.Nf3 g6 3.c4 Bg7 4.g3 O-O 5.Bg2 d6 6.O-O Nbd7 7.Nc3 e5 8.e4 c6 9.Rb1
Qb6 10.d5 Qb4 11.Nd2 a5 12.a3 Qb6 13.b4 axb4 14.axb4 Nb8 15.h3 Bd7 16.Qb3 Rc8
17.c5 dxc5 18.Nc4 Qa6 19.bxc5 cxd5 20.Nb6 dxe4 21.Nxa8 Qxa8 22.Nxe4 Nxe4
23.Bxe4 Rxc5 24.Bxb7 Qa5 25.Be3 Rb5 26.Qc4 Rxb1 27.Rxb1 Be6 28.Bd5 Qxd5
29.Rxb8+ Bf8 30.Qxd5 Bxd5 {#r} 1-0

[Event "Ch Marshall Chess Club (juniors)"]
[Site "masterchessopen.com New York (USA)"]
[Round "1"]
[White "Benjamin Dan (USA)"]
[Black "Khan Anna (USA)"]
[Result "0-1"]
[WhiteElo "2280"]
[BlackElo "2257"]

1.c4 Nf6 2.Nf3 g6 3.g3 Bg7 4.Bg2 O-O 5.O-O d6 6.d4 Nbd7 7.Nc3 e5 8.e4 c6 9.b3
Re8 10.h3 exd4 11.Nxd4 Nc5 12.Re1 d5 13.cxd5 cxd5 14.exd5 Rxe1+ 15.Qxe1 Nxd5
16.Nxd5 Bxd4 17.Ne7+ Kg7 18.Be3 Nd3 19.Bxd4+ Qxd4 20.Qf1 Nxf2 21.Kh2 Be6
22.Rc1 Rd8 23.Rc7 Rd7 24.Rxd7 Bxd7 25.Nd5 Nxh3 26.Bxh3 Bxh3 27.Kxh3 Qxd5
28.Qf2 Qf5+ 29.Qxf5 gxf5 30.Kg2 Kf6 31.Kf3 Kg5 32.Ke3 Kg4 33.Kf2 f4 {#R} 0-1

[Event "It (open)"]
[Site "masterchessopen.com Oberwart (Austria)"]
[Round "3"]
[White "Cvitan Ognjen (CRO)"]
[Black "Neumeier Klaus (AUT)"]
[Result "1-0"]
[WhiteElo "2550"]
[BlackElo "2293"]

1.d4 Nf6 2.c4 g6 3.g3 Bg7 4.Bg2 O-O 5.Nc3 d6 6.Nf3 Nbd7 7.O-O e5 8.e4 c6 9.b3
exd4 10.Nxd4 Re8 11.h3 Nc5 12.Re1 Bd7 13.Bf4 Qb6 14.Be3 Rad8 15.Qc2 Bc8
16.Rad1 Qc7 17.f4 Qe7 18.Bf2 Nh5 19.Kh2 Qf6 20.Nde2 g5 21.f5 Qh6 22.Qd2 Be5
23.Be3 f6 24.Bxc5 dxc5 25.Qxd8 Rxd8 26.Rxd8+ Kf7 27.Red1 g4 28.Rxc8 Ke7
29.Rcd8 Bd4 30.Nxd4 Kxd8 31.Nxc6+ Ke8 32.Rd8+ Kf7 33.e5 bxc6 34.e6+ Ke7
35.Rd7+ Kf8 36.e7+ Kf7 37.Ne4 Ke8 38.Rxa7 {#r} 1-0